Γιώργος Σαραντάρης, ο μελλούμενος

Αποθηκεύτηκε σε:
Λεπτομέρειες βιβλιογραφικής εγγραφής
Κύριος συγγραφέας: Καράγιωργα, Ολυμπία, 1934-
Μορφή: Βιβλίο
Γλώσσα:Greek
Δημοσίευση: Αθήνα : Δίαυλος, 1995.
Θέματα:
Ετικέτες: Προσθήκη ετικέτας
Δεν υπάρχουν, Καταχωρήστε ετικέτα πρώτοι!

MARC

LEADER 00000cam a2200000 a 4500
001 1/123385
008 210721s1995####gr | ||| |||| ||gre||
020 |a 9607140672 
040 |a GR-MyUa  |b gre  |c GR-MyUa  |e AACR2 
041 0 |a gre 
082 7 |a 889.1   |2 (23) 
100 1 |a Καράγιωργα, Ολυμπία,   |d 1934- 
245 1 0 |a Γιώργος Σαραντάρης, ο μελλούμενος /   |c Ολυμπία Καράγιωργα. 
260 |a Αθήνα :   |b Δίαυλος,   |c 1995. 
300 |a 451 σ. :   |b εικ. ;   |c 25 εκ. 
600 1 7 |2 nlgaf  |a Σαραντάρης, Γιώργος,   |d 1908-1941  |x Criticism and interpretation. 
852 |a INST  |b SYROS  |e 20210719  |h 889.1 ΚΑΡ  |p 005500014108  |q 005500014108  |t BK  |y 0 
970 |a Κοντού  |b Παρασκευή  |z 21/07/2021